000 00195 a2200097 4500
001 8407
100 _aGreay, T
245 _aGreat Poetry & Precis
260 _a
_bOxford
_c
090 _c6777
_d6777
942 _aNUST-CAE
_cM
_c33352
999 _c243480
_d243480